Việt sử giai thoại T.7 69 giai thoại thế kỷ XVIII
vv
Đã lưu trong:
| Tác giả chính: | |
|---|---|
| Định dạng: | Sách |
| Năm xuất bản: |
H.
Giáo dục
1997
|
| Phiên bản: | In lần 1 |
| Chủ đề: | |
| Tags: |
Thêm thẻ
Không có thẻ, Hãy là người đầu tiên gắn thẻ bản ghi này!
|
| LEADER | 01849nam a2200265 4500 | ||
|---|---|---|---|
| 082 | |a 959.70272 |b NG527KH | ||
| 100 | |a Nguyễn Khắc Thuần | ||
| 245 | |a Việt sử giai thoại |c Nguyễn Khắc Thuần |n T.7 |p 69 giai thoại thế kỷ XVIII | ||
| 250 | |a In lần 1 | ||
| 260 | |a H. |b Giáo dục |c 1997 | ||
| 300 | |a 188tr. |c 21cm | ||
| 520 | |a vv | ||
| 653 | |a Lịch sử | ||
| 653 | |a Việt Nam | ||
| 653 | |a Thế kỉ XVIII | ||
| 653 | |a Giai thoại | ||
| 942 | |2 ddc |c STK0 | ||
| 999 | |c 2600 |d 2600 | ||
| 952 | |0 0 |1 0 |2 ddc |4 0 |6 959_702700000000000_NG527KH |7 1 |8 900 |9 32357 |a qbu |b qbu |c D5 |d 2014-12-14 |g 9800 |o 959.7027 NG527KH |p 4166.C1 |r 0000-00-00 |w 2014-12-14 |y STK0 |0 0 |6 959_702700000000000_NG527KH | ||
| 952 | |0 0 |1 0 |2 ddc |4 0 |6 959_702700000000000_NG527KH |7 0 |8 900 |9 32358 |a qbu |b qbu |c D5 |d 2014-12-14 |g 9800 |o 959.7027 NG527KH |p 4166.C2 |r 0000-00-00 |w 2014-12-14 |y STK0 |0 0 |6 959_702700000000000_NG527KH | ||
| 952 | |0 0 |1 0 |2 ddc |4 0 |6 959_702700000000000_NG527KH |7 0 |8 900 |9 32359 |a qbu |b qbu |c D5 |d 2014-12-14 |g 9800 |o 959.7027 NG527KH |p 4166.C3 |r 0000-00-00 |w 2014-12-14 |y STK0 |0 0 |6 959_702700000000000_NG527KH | ||
| 952 | |0 0 |1 0 |2 ddc |4 0 |6 959_702700000000000_NG527KH |7 0 |8 900 |9 32360 |a qbu |b qbu |c D5 |d 2014-12-14 |g 9800 |o 959.7027 NG527KH |p 4166.C4 |r 0000-00-00 |w 2014-12-14 |y STK0 |0 0 |6 959_702700000000000_NG527KH | ||
| 952 | |0 0 |1 0 |2 ddc |4 0 |6 959_702700000000000_NG527KH |7 0 |8 900 |9 32361 |a qbu |b qbu |c D5 |d 2014-12-14 |g 9800 |o 959.7027 NG527KH |p 4166.C5 |r 0000-00-00 |w 2014-12-14 |y STK0 |0 0 |6 959_702700000000000_NG527KH | ||
| 952 | |0 0 |1 0 |2 ddc |4 0 |6 959_702700000000000_NG527KH |7 0 |8 900 |9 32362 |a qbu |b qbu |c D5 |d 2014-12-14 |g 9800 |o 959.7027 NG527KH |p 4166.C6 |r 0000-00-00 |w 2014-12-14 |y STK0 |0 0 |6 959_702700000000000_NG527KH | ||
| 952 | |0 0 |1 0 |2 ddc |4 0 |6 959_702700000000000_NG527KH |7 0 |8 900 |9 32363 |a qbu |b qbu |c D5 |d 2014-12-14 |g 9800 |o 959.7027 NG527KH |p 4166.C7 |r 0000-00-00 |w 2014-12-14 |y STK0 |0 0 |6 959_702700000000000_NG527KH | ||